| 000 | 01148cam a22003255a 4500 | ||
|---|---|---|---|
| 001 | 17298277 | ||
| 003 | ARRUPE | ||
| 005 | 20161013090644.0 | ||
| 008 | 120515s2012 sz b 001 0 eng | ||
| 010 | _a 2012311387 | ||
| 020 | _a9789966150622 (Zapf) | ||
| 020 | _z9780825415696 (WCC) | ||
| 040 |
_aDLC _cDLC |
||
| 042 | _alcode | ||
| 050 | _aRA644.A25R314 | ||
| 100 |
_aEzra Chitando (ed.) _926555 |
||
| 245 | 0 | 0 |
_aRedemptive masculinities : _bmen, HIV, and religion / _ceditored by Ezra Chitando and Sophie Chirongoma. |
| 260 |
_aGeneva, Switzerland : _bWorld Council of Churches Publications ; _cc2012. |
||
| 300 |
_axvi, 565 p.; _c21 cm. |
||
| 490 | 0 | _aEHAIA series | |
| 504 | _aIncludes bibliographical references (p. 491-552) and index. | ||
| 650 |
_aAIDS (Disease) _zAfrica _926556 |
||
| 650 |
_aAIDS (Disease) _xMen _926632 |
||
| 700 | 1 |
_aChitando, Ezra. _918721 _eed. |
|
| 700 | 1 |
_aChirongoma, Sophie. _918722 _eed. |
|
| 710 | 2 |
_aWorld Council of Churches. _926633 |
|
| 906 |
_a7 _bibc _corigode _d3 _encip _f20 _gy-gencatlg |
||
| 942 |
_2lcc _cMONOGRAPH |
||
| 999 |
_c125478 _d125478 |
||